[Event "Muensterland Verbandsklasse-A 0809"]
[Site "Germany"]
[Date "2008.09.13"]
[Round "1.8"]
[White "Stephan, Matthias"]
[Black "Hund, Reinhard"]
[Result "0-1"]
[WhiteElo "1695"]
[BlackElo "1722"]
[PlyCount "116"]
[EventDate "2008.09.13"]
[EventType "team-tourn"]
[EventRounds "9"]
[EventCountry "GER"]
[SourceTitle "EXT 2010"]
[Source "ChessBase"]
[SourceDate "2010.11.25"]
[SourceVersion "1"]
[SourceVersionDate "2010.11.25"]
[SourceQuality "1"]
[WhiteTeam "Telgte"]
[BlackTeam "Muenster SK III"]
[WhiteTeamCountry "GER"]
[BlackTeamCountry "GER"]

1. d4 d5 2. c4 e6 3. Nf3 Nf6 4. Bg5 Be7 5. e3 0-0 6. Nc3 c6 7. Bd3 dxc4 8. Bxc4 Nd5 9. Bxe7 Qxe7 10. Rc1 Nd7 11. 0-0 Nxc3 12. Rxc3 e5 13. Nxe5 Nxe5 14. dxe5 Qxe5 15. Qb3 Rb8 16. Rd1 Qe7 17. e4 g6 18. Re3 b5 19. Be2 Be6 20. Qc2 Rbc8 21. Rc3 b4 22. Rxc6 Rxc6 23. Qxc6 Rc8 24. Qa4 Qc5 25. Qa6 Qc2 26. Kf1 Qxb2 27. Qxa7 Rc2 28. Bb5 Bxa2 29. Rd8+ Kg7 30. Qd4+ Qxd4 31. Rxd4 b3 32. Rb4 b2 33. Bd3 b1Q+ 34. Rxb1 Bxb1 35. Bxc2 Bxc2 36. f3 Kf6 37. Kf2 Ke5 38. Ke3 g5 39. g3 f6 40. f4+ Ke6 41. Kf3 Bd1+ 42. Ke3 Kd6 43. Kd4 Bf3 44. Ke3 Bh1 45. Kd4 Bg2 46. Ke3 Kc5 47. Kd3 g4 48. Ke3 Kc4 49. e5 f5 50. Kd2 Kd4 51. Ke2 Bd5 52. Kd2 Bc4 53. Kc2 Ke3 54. Kc3 Ba2 55. Kb4 Kf2 56. Kc5 Kg2 57. Kd6 Kxh2 58. e6 Kxg3 0-1